| 000 | 00511nam a2200157 a 4500 | ||
|---|---|---|---|
| 001 | 000029561 | ||
| 005 | 20200930055634.0 | ||
| 008 | 110418s2005 dr acj 000 | spa d | ||
| 040 |
_aDO-SdBNP _bspa _cBNPHU |
||
| 082 |
_axxx _bG292L |
||
| 100 | 1 |
_aGeara Nasser Vda. Barnichta, Josefina _956396 |
|
| 245 | 1 | 0 |
_aLíbano-República Dominicana : _bdetrás de un sueño / _cJosefina Geara Nasser Vda. Barnichta. |
| 260 |
_aSanto Domingo : _b[s.n.], _c2005. |
||
| 300 |
_a32 p. : _bil., retrs. ; _c23 cm. |
||
| 049 | _aBNPD | ||
| 999 |
_c29053 _d29053 |
||